00997nam a22002537a 450000500170000001000130001702000220003003500130005203700160006504000120008108200180009310000290011124500850014026000400022527000630026530000210032850000500034965000510039965000330045070000240048394200270050799900190053495201900055320170124110132.0 aA-688944 c00.00a8170224438 aA-688944 bCen Lib/Ret aDPLbEN a658.4063bSRE aSreenivasan, N.S.932433 aManaging innovation :cby N.S.Sreenivasan [and] V.Narayanabconcepts and tasks / aNew DelhibConcept Publishingc1992 aA/15-16, Commercial Block, Mohan GardenbNew Delhie110059 a159p. c20cm(Hb) aIncludes bibliographical references and index aTechnological innovations -- Management932434 aConcept of Management932435 aNarayana, V.932436 2ddccENh658.4063mSRE c131669d131669 04104070aLbLd2015-07-15eCen Lib/Retg0.00l0o658.4063 SREpA-688944r2015-07-15 00:00:00t1v0.00w2015-07-15yENzWritten off on approval by DLB (By Circulation); dtd 15-06-2023